| 000 | 00459nam a22001817a 4500 | ||
|---|---|---|---|
| 003 | KOHA_MİRAKIL | ||
| 005 | 20251201084058.0 | ||
| 008 | 251201b tu ||||| |||| 00| 0 tur d | ||
| 020 | _a9786057405777 | ||
| 040 |
_aTR-AnABB _btur _cTR-AnABB |
||
| 041 | _atur | ||
| 082 |
_a346.5610134 _bHUK 2022 |
||
| 245 | 1 | 0 | _aHukuk el rehberi / |
| 260 |
_aİstanbul : _bKadem Vakfı, _c2022 |
||
| 300 |
_a76 sayfa ; _c24 cm |
||
| 650 | 0 | 4 | _aHukuk |
| 942 |
_2ddc _cBK |
||
| 999 |
_c9685 _d9685 |
||
| 900 | _bGizem YORULMAZ | ||